Koncert a színházban
Elmentve itt :
| Szerző: | |
|---|---|
| Dokumentumtípus: | Cikk |
| Megjelent: |
1971-11-23
|
| Sorozat: | Délmagyarország
61 No. 276 |
| Kulcsszavak: | zeneélet 1962-1979 |
| Online Access: | http://dmarchiv.bibl.u-szeged.hu/100137 |
| LEADER | 00450nab a2200157 i 4500 | ||
|---|---|---|---|
| 001 | delm100137 | ||
| 005 | 20190320110318.0 | ||
| 008 | 190320s1971 hu o 0|| hun d | ||
| 040 | |a SZTE Délmagyarország Archívum |b hun | ||
| 041 | |a hun | ||
| 100 | 1 | |a Szatmári Géza | |
| 245 | 1 | 0 | |a Koncert a színházban |h [elektronikus dokumentum] / |c Szatmári Géza |
| 260 | |c 1971-11-23 | ||
| 300 | |a 5 | ||
| 490 | 0 | |a Délmagyarország |v 61 No. 276 | |
| 695 | |a zeneélet 1962-1979 | ||